000 00634nam a2200253Ia 4500
005 20260121160643.0
008 008 260114s9999 xx 000 0 eng d
020 _a9781315709147
037 _aEBOOK
040 _aCRL
040 _beng
040 _cCRL
041 _2eng
041 _aeng
084 _qCRL
100 _a Samuel S nchez y S nchez; Annie Hesp
_91034615
245 4 _aThe Camino de Santiago in the 21st Century
260 _bTaylor and Francis
260 _c2016
856 _uhttp://www.taylorfrancis.com/books/9781315709147
942 _cEBOOK
999 _c1601431
_d1601431